Asian Geography Decoder - Statistics

General Stats
  • This quiz has been taken 325 times
  • The average score is 13 of 20
Answer Stats
Clue Answer % Correct
T Bangkok is its capital Thailand
100%
E Worlds highest mountain - Mt .... Everest
93%
L Beirut is its capital Lebanon
87%
A Shares its eastern border with Pakistan Afghanistan
84%
F Highest mountain in Japan - Mt .... Fuji
84%
H Mountain range with many of the worlds highest peaks Himalayas
81%
H Main island of Japan Honshu
81%
A Capital of Jordan Amman
79%
C City now called Kolkata Calcutta
77%
I Worlds largest muslim country Indonesia
76%
O Persian gulf country Oman
69%
T Disputed 'special administrative region' of China Tibet
65%
E Former name of ^ capital Edo
62%
G Largest urban area Guangzhou
49%
L Landlocked country Laos
49%
A Inland sea now almost dry Aral
48%
N Former capital of China Nanjing
46%
Final Asian Location The Great Wall of China
46%
R Capital of Burma Rangoon
44%
W Chinese port on the East China Sea Wenzhou
9%
No matching quizzes found
Score Distribution
Percent of People with Each Score
Percentile by Number Answered
Your Score History
You have not taken this quiz